1678 1885 1646 1735 1752 1402 1550 1716 1330 1179 1676 1331 1618 1920 1512 1402 1746 1210 1870 1680 1587 1428 1713 1381 1034 1969 1506 1889 1683 1075 1803 1384 1764 1941 1539 1253 1704 1263 1825 1460 1205 1570 1727 1835 1265 1603 1387 1618 1581 1784 1179 1245 1719 1299 1152 1403 1186 1068 1430 1322 1814 1765 1913 1351 1941 1613 1171 1003 1366 1433 1061 1877 1809 1162 1849 1935 1410 1863 1081 1816 1348 1142 1286 1410 1449 1171 1679 1760 1993 1726 1406 1503 1360 1139 1580 1463 1383 1448 1753 BCNSPRNW ULIB Ver.6.0+V

เปลี่ยนเป็นภาษาไทย

Change to English
 แสดงรายละเอียดบรรณานุกรม
  กลับหน้าหลัก

Brief Record : Get Marc (ISO 2709) : E-mail record : QR code < ปิดหน้าต่าง
LEADER : 00000nam 2200000uu 4500
001    13399114461
003     ULIB
008    110920s||||||||th 000 0 tha d
020    9786161103828
060 04 ^aWT120^bท645ก
110 1  คณะกรรมาธิการกิจการเด็ก
245 00 การดูแลสุขภาพผู้สูงอายุแบบบูรณาการ /^cจัดทำโดยคณะกรรมาธิการกิจการเด็ก เยาวชน สตรี ผู้สูงอายุและผู้พิการ สภาผู้แทนราษฎร, กรมพัฒนาการแพทย์แผนไทยและการแพทย์ทางเลือก,กรมสนับสนุนบริการสุขภาพ ; บรรณาธิการ นภัส แก้ววิเชียร, เบญจพร สุธรรมชัย
250    พิมพ์ครั้งที่ 5
260    [กรุงเทพฯ] :^bคณะกรรมาธิการกิจการเด็ก เยาวชน สตรีผู้สูงอายุและผู้พิการ สภาผู้แทนราษฎร ร่วมกับ สำนักการแพทย์ทางเลือก กระทรวงสาธารณสุข,^c2554
300    184 หน้า :^bภาพประกอบสี ;^c26 ซม.
536    สนับสนุนโดยสำนักงานกองทุนสนับสนุนการสร้างเสริมสุขภาพ(สสส.)
650  4 ผู้สูงอายุ^xสุขภาพและอนามัย
650  4 ผู้สูงอายุ^xการดูแล
650  4 ผู้สูงอายุ^xโภชนาการ
650  4 การออกกำลังกายสำหรับผู้สูงอายุ
700 0  นภัส แก้ววิเชียร,^eบรรณาธิการ
700 0  เบญจพร สุธรรมชัย,^eบรรณาธิการ
710 2  กรมพัฒนาการแพทย์แผนไทยและการแพทย์ทางเลือก
710 2  กรมสนับสนุนบริการสุขภาพ
710 2  สำนักงานกองทุนสนับสนุนการสร้างเสริมสุขภาพ (สสส.)
945    ^p0^l0^i031584
945    ^p0^l0^i031585
995    ทศพร
999 ^a ใช้งานได้ทุกระบบ
รายการนี้ยังไม่มีแท็ก
คุณยังไม่ได้ล็อกอิน คุณสามารถมีกิจกรรมร่วมกับเว็บไซต์ได้ แต่ต้องล็อกอินก่อน ::
  ล็อกอิน

รายการสื่อสารสนเทศ

ลำดับที่ ประเภท เลขเรียก/บาร์โค้ด สถานที่ สถานะ
- ไม่พบข้อมูล -

รายการใกล้เคียง
    หัวเรื่อง [ผู้สูงอายุ การดูแล]
    หัวเรื่อง [การออกกำลังกายสำหรับผู้สูงอายุ]

BibComment


ยังไม่เคยถูกคอมเมนท์

คอมเมนท์ทรัพยากรรายการนี้
  คอมเมนท์: การดูแลสุขภาพผู้ส..


 Copyright 2026. Bcnsprnw @Library